Dozimetrická bezpečnosť pre vstup do kontrolovaného pásma

Salvato in:
Dettagli Bibliografici
Autore principale: Sivoň, Tomáš (Autore)
Altri autori: Kuracina, Richard (Relatore della tesi)
Natura: Manoscritto Libro
Lingua:slovacco
Pubblicazione: 2023
Soggetti:
Accesso online:http://is.stuba.sk/zp/portal_zp.pl?podrobnosti=163422
Tags: Aggiungi Tag
Nessun Tag, puoi essere il primo ad aggiungerne!!

MARC

LEADER 00000ntm a22000003a 4500
001 stuzp94444
003 SK-STU
005 20230909222127.5
007 ta
008 150427s2015----xo-----f-mn---000-0-slo-d
040 |a STU  |b slo 
041 0 |a slo 
100 1 |a Sivoň, Tomáš  |u 065000  |4 aut  |U MTF Materiálovotechnologická fakulta  |T MTF Ústav integrovanej bezpečnosti  |X 85511  |U M5000  |Y 85  |7 85511 
242 0 1 |a Dosimetric safety for entering the controlled zone  |y eng 
245 1 0 |a Dozimetrická bezpečnosť pre vstup do kontrolovaného pásma 
260 |c 2023 
650 4 |a osobná dozimetria  |2 slo 
650 4 |a radiačná kontrola  |2 slo 
650 4 |a Kontrolované pásmo  |2 slo 
650 4 |a bezpečný vstup  |2 slo 
650 4 |a radiation control  |2 eng 
650 4 |a controlled zone  |2 eng 
650 4 |a personal dosimetry  |2 eng 
650 4 |a safe en  |2 eng 
700 1 |a Kuracina, Richard  |u 065200  |k Z1  |4 ths  |U MTF Ústav integrovanej bezpečnosti  |T MTF Katedra bezpečnostného inžinierstva  |X 38282  |U M5200  |Y 192  |7 A000038282 
856 4 |u http://is.stuba.sk/zp/portal_zp.pl?podrobnosti=163422 
996 |c M* BP-9670  |l MMSKP  |s P  |a 0  |w stuzp94444_0001